| 000 | 00602nam a2200205 i 4500 | ||
|---|---|---|---|
| 001 | 62212 | ||
| 003 | ES-MaACL | ||
| 007 | t| | ||
| 008 | 031118s1985 sp ||||1| spa d | ||
| 020 | _a84-7444-156-0 | ||
| 100 | 0 |
_aFernán Gómez, Fernando, _d1921-2007 _949315 |
|
| 245 | 1 | 3 |
_aEl viaje a ninguna parte / _cFernando Fernán-Gómez. |
| 250 | _a[1ª ed.]. | ||
| 260 |
_a[Madrid] : _bDebate, _c1985. |
||
| 300 |
_a268 p. ; _c21 cm. |
||
| 490 | 1 |
_aDebate literatura ; _v32 |
|
| 830 | 0 |
_aDebate literatura ; _v32 _9181756 |
|
| 852 |
_aES-MaACL _jL-7837 _bR.108238 |
||
| 999 |
_c62212 _d62212 |
||